000 00383nam a22001697a 4500
003 MPLRDC
005 20220104114628.0
008 210129b ||||| |||| 00| 0 eng d
082 _a192.1 GXSX v.1
100 _a邓荣坤著
245 _a青春集
_c
260 _a
_b泉源出版社
_c1990
300 _b
490 _a感性书系
650 _a
942 _cBK
_o192.1 GXSX v.1
999 _c8965
_d8955